00316pab a2200121 454500008004000000100001600040245007400056260000900130300001300139362001200152650001700164773001300181180718b2013 xxu||||| |||| 00| 0 eng d aSingh, U.B. aProperty tax reforms in Kanpur municipal corporation: An impact study c2013 ap.43-62. aJan-Mar aProperty tax aNagarlok